00960 a2200229 4500003000500000005001700005020003200022020001800054040000900072082001200081100002700093245005000120250001100170260005000181300001100231505035900242650003400601650003400635650002200669650001600691740002300707Nust20221108123852.0 a0-13-571191-6 (hela verket) a0-13-590274-6 cNust a511,JOH1 aJohnsonbaugh, Richard,00aDiscrete mathematics / pRichard Johnsonbaugh a4th ed aUpper Saddle River ;aLondon :bPrentice Hall a214 p. aLogic and proof (Page-1), The Language of mathematics (Page-63), Algorithms (Page-142), Counting Methods (Page-197), Recurrence Relations (Page-256), Graphs Theory (Page-304), Trees (Page-376), Network Models (Page-455), Boolean Algebras and Combinatorial (Page-500), Automata,Grammars (Page-546), Computational Geomatery (Page-593), Appendix (Page-610). 7aComputer sciencexMathematics 7aComputer sciencexMathematics 7aDiskret matematik 7aMathematics0 aInstructors manual